Proces globalizácie a vývoj krízy
Rozmach globalizácie verzus rozmach krízy. Vývoj vybraných ukazovateľov za posledné 4 dekády. Dopad krízy na Európsku menovú úniu. Prepojenosť globálnej ekonomiky a prepojenosť globálnych problémov. Krajiny, kde reálne hrozí kolaps ekonomík, označované ako PIIGS. Pohľadávky bánk v krajinách PIIGS.
Saved in:
| Main Author: | |
|---|---|
| Format: | Book Chapter |
| Language: | Slovak |
| Subjects: | |
| Tags: |
No Tags, Be the first to tag this record!
|
MARC
| LEADER | 00000nla$a2200000$$$4500 | ||
|---|---|---|---|
| 001 | 0146489 | ||
| 005 | 20240709085834.8 | ||
| 041 | 0 | |a slo | |
| 044 | |a SK | ||
| 245 | 1 | 0 | |a Proces globalizácie a vývoj krízy |c Jozef Buday |
| 520 | |a Rozmach globalizácie verzus rozmach krízy. Vývoj vybraných ukazovateľov za posledné 4 dekády. Dopad krízy na Európsku menovú úniu. Prepojenosť globálnej ekonomiky a prepojenosť globálnych problémov. Krajiny, kde reálne hrozí kolaps ekonomík, označované ako PIIGS. Pohľadávky bánk v krajinách PIIGS. | ||
| 610 | 2 | 0 | |a kríza hospodárska |
| 610 | 2 | 0 | |a kríza finančná |
| 610 | 2 | 0 | |a globalizácia hospodárstva |
| 610 | 2 | 0 | |a zadlženosť |
| 610 | 2 | 0 | |a Európska únia |
| 610 | 2 | 0 | |a Európska menová únia |
| 100 | 1 | |a Buday, Jozef | |